Every The Sarah Jane Adventures Story - Statistics

General Stats
  • This quiz has been taken 21 times
  • The average score is 25 of 27
Answer Stats
Series Episode % Correct
Series 1 Revenge of the Slitheen
100%
Series 5 Sky
100%
Series 5 The Curse of Clyde Langer
100%
Series 2 The Day of the Clown
100%
Series 1 The Lost Boy
100%
Series 2 The Temptation of Sarah Jane Smith
100%
Series 3 The Wedding of Sarah Jane Smith
100%
Series 1 Warriors of Kudlak
100%
Series 1 Whatever Happened to Sarah Jane?
100%
Series 4 Goodbye, Sarah Jane Smith
93%
Series 1 Invasion of the Bane
93%
Series 3 Mona Lisa's Revenge
93%
Series 2 Secrets of the Stars
93%
Series 2 The Mark of the Berserker
93%
Series 4 The Nightmare Man
93%
Series 4 Death of the Doctor
86%
Series 1 Eye of the Gorgon
86%
Series 4 Lost in Time
86%
Series 3 Prisoner of the Judoon
86%
Series 3 The Eternity Trap
86%
Series 3 The Gift
86%
Series 2 The Last Sontaran
86%
Series 4 The Vault of Secrets
86%
Series 2 Enemy of the Bane
79%
Series 4 The Empty Planet
79%
Series 3 The Mad Woman in the Attic
79%
Series 5 The Man Who Never Was
79%
No matching quizzes found
Score Distribution
Percent of People with Each Score
Percentile by Number Answered
Your Score History
You have not taken this quiz